Ballon d'Or 1985 - Statistiken

Allgemein
  • Dieses Quiz wurde 21 mal gespielt
  • Das Durchschnittsergebnis liegt bei 11 aus 38
Antwortstatistiken
Platz Spieler Verein/e Nation Punkte % Korrekt
1. Michel Platini Juventus Turin Frankreich 127
95%
3. Bernd Schuster FC Barcelona Deutschland 46
85%
4. Michael Laudrup Lazio Rom/Juventus Turin Dänemark 14
85%
5. Karl-Heinz Rummenigge Inter Mailand Deutschland 13
80%
11. Rudi Völler SV Werder Bremen Deutschland 7
75%
18. Toni Schumacher 1.FC Köln Deutschland 3
75%
8. Hans-Peter Briegel Hellas Verona Deutschland 9
65%
14. Ian Rush FC Liverpool Wales 5
55%
12. Sören Lerby FC Bayern München Dänemark 6
55%
6. Zbigniew Boniek Juventus Turin/AS Rom Polen 12
55%
29. Andreas Thom BFC Dynamo DDR 1
40%
16. Emilio Butragueno Real Madrid Spanien 4
35%
21. Peter Shilton FC Southampton England 2
35%
2. Preben Elkjaer Hellas Verona Dänemark 71
35%
29. Gheorghe Hagi FC Sportul Studentesc Rumänien 1
30%
21. Alain Giresse FC Girondins Bordeaux Frankreich 2
25%
9. Bryan Robson Manchester United England 8
20%
9. Rinat Dasayev FC Spartak Moskau Sowjetunion 8
15%
21. Graeme Souness Sampdoria Genua Schottland 2
10%
29. Jan Ceulemans Club Brügge Belgien 1
10%
18. Neville Southall FC Everton Wales 3
10%
16. Fernando Gomes FC Porto Portugal 4
5%
29. Gary Stevens FC Everton England 1
5%
29. Georgi Dimitrov ZSKA Sofia Bulgarien 1
5%
29. Herbert Prohaska FK Austria Wien Österreich 1
5%
29. Ladislav Vizek Dukla Prag Tschechoslowakei 1
5%
21. Lajos Détári Budapest Honvéd FC Österreich 2
5%
12. Luis Fernández Paris Saint-Germain Frankreich 6
5%
29. Mark Hateley AC Mailand England 1
5%
7. Oleh Protasov Dnipro Dnipropetrovsk Sowjetunion 10
5%
21. Pat Jennings FC Arsenal/Tottenham Hotspur Nordirland 2
5%
14. Rafael Gordillo Real Betis Sevilla/Real Madrid Spanien 5
5%
29. Steve Archibald FC Barcelona Schottland 1
5%
21. Vahid Halilhodzic FC Nantes Jugoslawien 2
5%
29. Anatoliy Demyanenko FC Dynamo Kiew Sowjetunion 1
0%
18. John Sivebaek Vejle Boldklub Dänemark 3
0%
21. Peter Reid FC Everton England 2
0%
21. Tibor Nyilasi FK Austria Wien Ungarn 2
0%
Keine übereinstimmenden Quizze gefunden
Verteilung der Resultate
Anzahl Personen mit jedem Resultat
Perzentil nach korrekt beantworteten Fragen
Ihre Resultats-Entwicklung
Sie haben dieses Quiz noch nicht gespielt